| 000 | 00839nam a22002777a 4500 | ||
|---|---|---|---|
| 003 | CHAP | ||
| 005 | 20220329135303.0 | ||
| 008 | 971013s r 00010 d | ||
| 010 | _a33817 | ||
| 011 | _a34789 | ||
| 035 | _a38905 | ||
| 040 | _cCHAP | ||
| 090 | _aR-1825 | ||
| 100 | 0 | 0 |
_aCussans, G. W. _930749 |
| 245 | _aProgress in the development of controlled drop application of herbicides | ||
| 500 | _aSobretiro de: Report ARC Weed Research Organization, 1976-77 pp. 49-54 | ||
| 590 |
_aBATCH-UPD _b10 _c20130110 _lUCH01 _h0248 |
||
| 590 |
_aBATCH-UPD _b10 _c20130110 _lUCH01 _h0909 |
||
| 590 |
_aCONVERSION _b10 _c20130109 _lUCH01 _h1319 |
||
| 650 | 1 | 4 |
_aAspersores. _98126 |
| 650 | 1 | 4 |
_aHerbicidas. _953691 |
| 700 | 0 |
_aTaylor, W. A. _9111841 |
|
| 901 | _aBK | ||
| 942 | _cREIMP | ||
| 949 |
_aR-1825 _bBC _cR _d-88963 _eTS1 _i38905 _si |
||
| 999 |
_c33817 _d33817 |
||